| 000 | 00502nam a22001817a 4500 | ||
|---|---|---|---|
| 005 | 20260224112949.0 | ||
| 008 | 260224b |||||||| |||| 00| 0 eng d | ||
| 020 | _a978-1-4614-4698-9 | ||
| 050 |
_aQA 76.76 .C65 M63 2012 _b1 |
||
| 100 | _aGRUNE,DICK | ||
| 245 | _aMODERN COMPILER DESIGN | ||
| 250 | _a2ND EDITION | ||
| 260 |
_aNEW YORK _bSPRINGER SCIENCE _c2012 |
||
| 300 | _aINCLUDES APPENDIX REFERENCES INDEX | ||
| 500 | _aXXI,822P | ||
| 650 | _aCOMPILERS COMPUTER PROGRAMS | ||
| 942 |
_2lcc _cBK |
||
| 999 |
_c216605 _d216605 |
||